000 00453nam a2200169 i 4500
001 bg
100 1 _aDALZELL, Ralph J.
245 0 _aConcrete block construction :
_bfor home and farm /
_cRalph J. Dalzel, Gilbert Townsend.
260 _aChicago,
_c1957.
650 9 _aKonstrukcje budowlane
700 1 _aTOWNSEND, Gilbert
040 _cBPK
041 _apol
080 _a693.2:624.012
942 _cKS
008 s pl f |000 0 pol
999 _c16536
_d16536
856 _uhttp://koha.tu.koszalin.pl/cgi-bin/koha/opac-detail.pl?biblionumber=16536
_yKatalog online BPK